| 000 | 04580nam0a22005771 4500 | ||
|---|---|---|---|
| 001 | RU\NLR\A1\25278 | ||
| 005 | 20260407111928.0 | ||
| 035 | _a(NLR Aleph) 009679602 | ||
| 090 |
_a9696730 _c9696730 |
||
| 100 | _a19990412d1729 m y0rusy50 ca | ||
| 101 | 0 | _arus | |
| 102 | _aRU | ||
| 135 | _acrcn 024anaba | ||
| 140 | _ay y da yaa0000 | ||
| 200 | 1 |
_aВсепресветлеишаго, самодержавнеишаго, великого государя Петра Алексиевича Втораго, императора и самодержца всероссииского. Указы 1728 года, _eсостоявшияся в Верховном таином совете, такожде из Сената посланныя. _eНекоторыя публикованныя в народ, а другия розосланныя во все губернии и провинции, да бы о таких указех в надлежащих местех к решениям исправкам, скорои в однои книге прииск, или известие было. _eПри Сенате собраны, и напечатаны 1729 |
|
| 210 |
_a[Санкт-Петербург _cСенат. тип. _d1729] |
||
| 215 |
_a[2], 2, 110 с. _d2° |
||
| 316 |
_aЭкз. РНБ (18.47.2.36) в картон. коричневом цельнокожаном пер. Крышки пер. украшены рамками блинт. тиснения. На нижней крышке пер. наклейка с шифром РНБ. Корешок с 4-мя бинтами. На корешке фрагм. бумаж. наклейки и бумаж. наклейка с указанием порядкового номера книги на полке: "36". Обрез крапчатый синий. Правая сторона форзаца и левая сторона нахзаца отсутствуют. На форзаце ярлык с шифром РНБ. На тит. л., с.2 (1-й паг.) и 33 круглый штамп ГПБ. На нахзаце владельч. запись: "Куплена в Москве марта 10 го дня 1738 году дана 80". С.1-2 (1-й паг.) с реестром указов припл. после с.100. Паг. экз.: [2], 110, 2 с. Верхняя часть корешка разорвана. Нарушено крепление корешка и нижней крышки пер. к книж. блоку. Размер: 30,5х21х1,8 см _5NLR: 18.47.2.36 |
||
| 317 |
_aЭкз. ЗНБ СГУ из б-ки П. М. Мальцева _5ЗНБ СГУ |
||
| 321 | 1 | _aСК XVIII 7467 | |
| 325 | _aКопия доступна в Электрон. б-ке РНБ | ||
| 517 | 1 | _aУказы 1728 года | |
| 518 | 1 | _aВсепресветлейшего, самодержавнейшего, великого государя Петра Алексеевича Второго, императора и самодержца всероссийского. Указы 1728 года | |
| 620 | _dСанкт-Петербург | ||
| 702 | 0 |
_4720 _8rus _7ca _aПетр _cимператор российский _dII _f1715-1730 _3RU\NLR\AUTH\7713845 _9123527 |
|
| 702 | 1 |
_aМальцев _bП. М. _gПаисий Михайлович _5ЗНБ СГУ _4390 |
|
| 710 | 0 | 1 |
_aРоссия _bИмператор _c1727-1730; Петр II _3RU\NLR\AUTH\8810042739 _9584923 |
| 712 | 0 | 2 |
_4610 _aСенатская типография _cПетербург _3RU\NLR\AUTH\889940127 _9375085 |
| 801 | 0 |
_aRU _bNLR _c19990412 |
|
| 852 |
_aNLR _j18.47.2.36 |
||
| 856 | 0 | _uhttps://vivaldi.nlr.ru/bx000024827/view | |
| 856 | 1 | _uhttps://vivaldi.nlr.ru/bx000024827/cover | |
| 856 | 2 | _uhttps://vivaldi.nlr.ru/bx000024827/text | |
| 899 | _aЗНБ СГУ | ||
| 899 | _aРГБ | ||
| 899 | _aБАН | ||
| 899 | _aЗНБ ВГУ | ||
| 899 | _aГПИБ | ||
| 942 | _cBOOK | ||
| 980 | _aNB | ||
| 980 | 3 | _akpcivil | |
| 980 | 3 | _akp2021 | |
| 980 | 3 | _akp | |
| 980 | _aA1XVIIIv | ||
| 981 | 1 | 6 | _a(16) Законодательные акты Российской империи |
| 981 | 2 | 2 |
_a(22) Материалы по истории России _b(22) Сенат |
| 981 | 2 | 0 |
_a(20) Книжные памятники РНБ _b(20) Русский книжный фонд |